ბათუმის შოთა რუსთაველის სახელმწიფო უნივერსიტეტის ბიბლიოთეკა

წრებრუნვა (ბიბ.ჩანაწერი № 41707)

000 -LEADER
fixed length control field 00591nam a2200205Ia 4500
001 - CONTROL NUMBER
control field 8384
003 - CONTROL NUMBER IDENTIFIER
control field GE_BSU
008 - FIXED-LENGTH DATA ELEMENTS--GENERAL INFORMATION
fixed length control field 181216s||||||||xx |||||||||||||| ||und||
040 ## - CATALOGING SOURCE
Transcribing agency GE_BSU
100 ## - MAIN ENTRY--PERSONAL NAME
Personal name ელიოზიშვილი,მერაბ
245 ## - TITLE STATEMENT
Title წრებრუნვა
245 ## - TITLE STATEMENT
Remainder of title მოთხრობები
245 ## - TITLE STATEMENT
Statement of responsibility, etc. რედ. ლამარა თურმანიძე
260 ## - PUBLICATION, DISTRIBUTION, ETC.
Place of publication, distribution, etc. თბილისი
260 ## - PUBLICATION, DISTRIBUTION, ETC.
Name of publisher, distributor, etc. მერანი
260 ## - PUBLICATION, DISTRIBUTION, ETC.
Date of publication, distribution, etc. 1991
300 ## - PHYSICAL DESCRIPTION
Extent 512გვ.21სმ.
653 ## - INDEX TERM--UNCONTROLLED
Uncontrolled term წრებრუნვა
942 ## - ADDED ENTRY ELEMENTS (KOHA)
Koha item type წიგნი
ეგზემპლარები
Withdrawn status Lost status Damaged status Not for loan Date acquired Barcode Date last seen Price effective from Koha item type
        2018-12-17 30293 2018-12-17 2018-12-17 წიგნი
        2018-12-17 30294 2018-12-17 2018-12-17 წიგნი
        2018-12-17 30295 2018-12-17 2018-12-17 წიგნი
        2018-12-17 30296 2018-12-17 2018-12-17 წიგნი
        2018-12-17 30297 2018-12-17 2018-12-17 წიგნი
        2018-12-17 30298 2018-12-17 2018-12-17 წიგნი
        2018-12-17 30299 2018-12-17 2018-12-17 წიგნი
        2018-12-17 30300 2018-12-17 2018-12-17 წიგნი
        2018-12-17 30301 2018-12-17 2018-12-17 წიგნი
        2018-12-17 30292 2018-12-17 2018-12-17 წიგნი